KPOP RANDOM QUESTIONS - Statistics

General Stats
  • This quiz has been taken 178 times
  • The average score is 9 of 15
Answer Stats
Hint Answer % Correct
Their fandom called BLINKS. BLACKPINK
99%
ONLY GIRL GROUP WHO CAN SPEAK DIFFERENT LANGUAGE. BLACKPINK
99%
Has 13 members. SEVENTEEN
96%
IN THIS GROUP THE LEADER IS SOOBIN TXT
96%
are JYP Entertainment's new girl group, who've just debuted with their single "DALLA DALLA ITZY
93%
WHO'S THE FIRST MEMBER OF BTS WHO ENTER MILITARY? JIN
91%
managed to take home their first award for Best New Artist - Female at the 2015 Mnet Asian Music Awards. TWICE
72%
First to win 3 consecutives Song of The Year at Mnet Asian Music Awards. TWICE
72%
LATEST SINGLE OF BLACKPINK PINK VENOM
51%
COMPOSED OF 12 MEMBERS. EXO
38%
WHO SANG STRAWBERRY MOON? IU
38%
BTS stands for? Bangtan Sonyeondan
36%
had took a bath with every exo members if the member won’t open the doors of the washroom he will use a chopstick to unlock the doors. BAEKHYUN
32%
does a lot of weird things and is refered as to the alien and "4D" KIM TAEHYUNG
15%
often drives cars with only one hand. SEHUN
12%
No matching quizzes found
Score Distribution
Percent of People with Each Score
Percentile by Number Answered
Your Score History
You have not taken this quiz